د يو ا ن جميلہ-جلد ششم (Record no. 172301)

MARC details
000 -LEADER
fixed length control field 00669nam a22001937a 4500
005 - DATE AND TIME OF LATEST TRANSACTION
control field 20200131122000.0
010 ## - LCCN (DPL NO)
LC control number B-208789
020 ## - INTERNATIONAL STANDARD BOOK NUMBER
Terms of availability 300.00
International Standard Book Number -
035 ## - SYSTEM CONTROL NUMBER
System control number B-208789
037 ## - SOURCE OF ACQUISITION
Source of stock number/acquisition DBAD/PUB
Stock number -
082 ## - DEWEY DECIMAL CLASSIFICATION NUMBER
Classification number 841
100 ## - MAIN ENTRY--PERSONAL NAME
Personal name جميلہ خد ا بخش
245 ## - TITLE STATEMENT
Title د يو ا ن جميلہ-جلد ششم
Statement of responsibility, etc جميلہ خد ا بخش
246 ## - VARYING FORM OF TITLE
Remainder of title Dewan-e-Jamila (Part-6) (Urdu)
Title proper/short title by Jamila Khuda Bakhsh
260 ## - PUBLICATION, DISTRIBUTION, ETC. (IMPRINT)
Place of publication, distribution, etc Patna
Name of publisher, distributor, etc Khuda Bakhsh Oriental Public Library
Date of publication, distribution, etc 2006 ء
270 ## - ADDRESS
Address 1739/3,New Kohinoor Hotel Patodi House,Darya Ganj,
City N.Delhi
Postal code 110002
Telephone number -
Fax number -
300 ## - PHYSICAL DESCRIPTION
Extent 310 ص
Dimensions 22 Cm(Hb)
942 ## - ADDED ENTRY ELEMENTS (KOHA)
Source of classification or shelving scheme Dewey Decimal Classification
Item type Urdu Bks
Classification part 841
Call number suffix ج م ی
Holdings
Withdrawn status Lost status Not for loan Collection code Home library Current library Date acquired Source of acquisition Cost, normal purchase price Full call number Barcode Copy number Cost, replacement price Koha item type
      Non-fiction Central Library Central Library 31/01/2020 BPPD/Ven. 300.00 841 ج م ی B-208789 1 300.00 Urdu Bks

© Delhi Public Library
Hit Counter
free hit counter